00437nam a2200133Ia 450000500170000000800410001702000150005808200130007310000170008624500600010326000510016330000130021450000760022720250620013559.0240331s9999 xx 000 0 und d a9559111078 bMADa323 aMadhapola, T 0aSrilankawe dheshapalana aiyathanathula sthri niyojanaya aColombobShakthi Gender Equality Projectc2004 a121 p ., aA book on Women's Representation in Political Institutions in Sri Lanka